01018nam a2200337Ia 450000500170000000800410001702000180005804000180007604100080009408200210010210000230012324501050014625000120025126000680026330000290033165000180036065000180037865000350039665000220043165000320045365000200048565000090050565000130051470000160052770000230054370000250056670000160059170000240060770000240063170000250065520230308120233.0210716s2011 xx 000 0 und d a9781259006111 cAIMIT LIBRARY aeng a158.39 22bBALM aBalasubramaniam, M aCracking the IT interview : bJump-start your career with confidence/cBy Balasubramaniam M...et.,al a2nd ed. aNew Delhi :bTata McGraw Hill Education Private Limited,c2011. axvi,284p. ;bPB :c24 cm aIT Interview  aC Programming aData Structures and Algorithms aOperating Systems aReal Time Operating Systems aC++ Programming aJava aDatabase aBaalaji,K R aRanganath, Kiran G aNandawat, Ravindra K aM, Sevaguru aComerica, Subash T; aRanghavan, S Venkat aAnbazhagan, Vikram S